Welcome to Poland / (Record no. 112473)
[ view plain ]
| 000 -LEADER | |
|---|---|
| fixed length control field | 00517nam a2200145 a 4500 |
| 005 - DATE AND TIME OF LATEST TRANSACTION | |
| control field | 20140414131937.0 |
| 008 - FIXED-LENGTH DATA ELEMENTS--GENERAL INFORMATION | |
| fixed length control field | 110120s19uu xx 00 eng d |
| 050 ## - LIBRARY OF CONGRESS CALL NUMBER | |
| Classification number | REF 943.8 |
| Item number | M91 2003 |
| 100 ## - MAIN ENTRY--PERSONAL NAME | |
| Personal name | Mulla-Feroze, Umaima. |
| 245 ## - TITLE STATEMENT | |
| Title | Welcome to Poland / |
| Statement of responsibility, etc | [written by Umaima Mulla-Feroze/Paul Grajnert]. |
| 260 ## - PUBLICATION, DISTRIBUTION, ETC. (IMPRINT) | |
| Place of publication, distribution, etc | Milwaukee, Wis. : |
| Name of publisher, distributor, etc | Gareth Stevens Pub., |
| Date of publication, distribution, etc | 2003. |
| 520 ## - SUMMARY, ETC. | |
| Summary, etc | An introduction to the geography, history, government, economy, people, and culture of Poland |
| 650 ## - SUBJECT ADDED ENTRY--TOPICAL TERM | |
| Topical term or geographic name as entry element | Poland. |
| Withdrawn status | Lost status | Damaged status | Home library | Current library | Shelving location | Date acquired | Total Checkouts | Full call number | Barcode | Date last seen | Price effective from | Koha item type |
|---|---|---|---|---|---|---|---|---|---|---|---|---|
| Munich Library | Munich Library | Reference Section | 01/20/2011 | REF 943.8 M91 2003 | M3773 | 04/14/2014 | 04/14/2014 | Books |